Quiz dos estados brasileiros - Distrito Federal - Statistics

Estatísticas Gerais
  • Esse quiz foi jogado 170 vezes
    169 desde o último reset
  • A pontuação média é 11 de 22
Estatísticas das Respostas
Dica Resposta % Correto
O Distrito Federal é praticamente um enclave nesse estado Goiás
95%
Possui fronteira de aproximadamente 2km com esse estado Minas Gerais
90%
Formato do plano piloto avião
81%
Presidente responsável pela construção de Brasília Juscelino Kubitschek
78%
Arquiteto de Brasília Oscar Niemeyer
78%
Principal estádio Mané Garrincha
76%
Quantidade de anos necessários para a finalização da construção dos principais prédios do DF 3
65%
Sede do poder executivo Palácio do Planalto
65%
A população da cidade superou a planejada para o ano 2000 em quantas vezes 4
59%
Lago artificial no centro do DF Paranoá
57%
Banda de rock de projeção nacional Legião Urbana
54%
Residência oficial do presidente Palácio da Alvorada
52%
Urbanista de Brasília Lúcio Costa
45%
Sede do ministério das relações exteriores Palácio Itamaraty
40%
Banda de rock de projeção nacional Capital Inicial
38%
Avenida no centro do plano piloto Eixo Monumental
28%
Residência oficial do vice-presidente Palácio do Jaburu
27%
Patriarca da independência que primeiro propôs Brasília José Bonifácio
24%
Paisagista de Brasília Burle Marx
22%
Banda de rock de projeção nacional Raimundos
18%
Principal setor da economia de Brasília administração pública
8%
Presidente que estabeleceu a localização da cidade Epitácio Pessoa
6%
Nenhum quiz correspondente encontrado
Distribuição das Pontuações
Porcentagem de Pessoas com Cada Pontuação
Percentil de Números Respondidos
Sua Pontuação Histórica
Você não jogou esse quiz desde o último reset